| 000 | 00600nam a22002057a 4500 | ||
|---|---|---|---|
| 003 | OSt | ||
| 005 | 20140310182507.0 | ||
| 008 | 130604t xxu||||| |||| 00| 0 eng d | ||
| 020 | _a978654321 | ||
| 050 |
_aQC 23.2 _b.Y68 1996 |
||
| 082 |
_aM 530 _bY8 1996 |
||
| 100 |
_aHugh Young. _98915 |
||
| 245 |
_aUniversity physics with modern physics : _cYoung, Hugh D.; Freedman, Roger A. |
||
| 250 | _a9th ed. | ||
| 260 |
_aMassachusetts : _bAddison-Wesley Publishing Company, Inc., _cc1996. |
||
| 300 |
_a1484 p. _bill. ; _c25 cm. |
||
| 662 |
_aPhysics _98916 |
||
| 942 |
_2lcc _cSSLC |
||
| 999 |
_c13867 _d13867 |
||